000 00823nam a2200241 a 4500
001 BRCA_7423
005 20190320205830.0
008 040413s1902----enka######---#000-0#eng-#
041 _aeng
044 _aenk
050 4 _aF1219
_b.C63 1902
245 1 0 _aCodex Nuttall
_bfacsimile of an ancient Mexican codex belonging to Lord Zouche of Harynworth, England
_cwith an introduction by Zelia Nuttall.
260 _aCambridge
_bPeabody Museum of American Archaeology and Ethnology, Harvard University
_c1902
300 _a35 p.
_bil. a color, láminas
500 _aQ159
650 1 4 _aCódice Nuttall
_918296
650 1 4 _aManuscritos mexicanos
_9781
650 1 4 _aEscritura pictórica mexicana
_910238
650 1 4 _aMixtecos
_910187
700 1 _aNuttall, Mrs. Zelia
_d1858-1933
_918272
902 _aGFM
942 _2lcc
_cB
999 _c7099
_d7099